Suitability of Measuring Consumer Ethnocentrism Based on Cetscale10 and Cetscale17 in Slovakia
Spotrebiteľský etnocentrizmus - zameranie sa na podporu domácej produkcie. Najpoužívanejšie nástroje na meranie spotrebiteľského etnocentrizmu - CETSCALE10 a CETSCALE17. Faktory, ktoré ovplyvňujú úroveň spotrebiteľského etnocentrizmu.
Guardado en:
| Autor principal: | |
|---|---|
| Formato: | Capítulo de libro |
| Lenguaje: | inglés |
| Materias: | |
| Etiquetas: |
Sin Etiquetas, Sea el primero en etiquetar este registro!
|
MARC
| LEADER | 00000naa a2200000 4500 | ||
|---|---|---|---|
| 001 | 0287303 | ||
| 005 | 20250930101043.1 | ||
| 041 | 0 | |a eng | |
| 044 | |a RO | ||
| 245 | 1 | 0 | |a Suitability of Measuring Consumer Ethnocentrism Based on Cetscale10 and Cetscale17 in Slovakia |c Marián Čvirik |
| 520 | |a Spotrebiteľský etnocentrizmus - zameranie sa na podporu domácej produkcie. Najpoužívanejšie nástroje na meranie spotrebiteľského etnocentrizmu - CETSCALE10 a CETSCALE17. Faktory, ktoré ovplyvňujú úroveň spotrebiteľského etnocentrizmu. | ||
| 610 | 2 | 0 | |a správanie spotrebiteľa |
| 610 | 2 | 0 | |a spotrebitelia |
| 610 | 2 | 0 | |a etnocentrizmus spotrebiteľský |
| 610 | 2 | 0 | |a metódy štatistické |
| 610 | 2 | 0 | |a metódy matematické |
| 610 | 2 | 0 | |a Slovensko |
| 100 | 1 | |a Čvirik, Marián, 1992- | |